000 00788nab a2200241 u 4500
001 16630
003 HDC
007 cr bn ---aaaaa
008 210221c20121019xx dr|noo 0 a eng d
040 _aHDC
245 0 _aUSA: Is the meningitis vaccine Halal for Hajj Pilgrims?
260 _a[No place] :
_b[publisher not identified],
_c2012
336 _atext
_2rdacontent
337 _acomputer
_2rdamedia
338 _aonline resource
_2rdacarrier
650 _aHajj Pilgrims
_916357
650 _apharmaceutical
_91773
710 _aHalal Focus
856 _zRequest full-text at [email protected]
942 _2lcc
942 _cNEWS
942 _kNWSO 005725
999 _c13946
_d13946